000 00346nam a2200133 a 4500
005 20140414131914.0
008 100915s19uu xx 00 eng d
050 _aFIC
_bM27 2002
100 _a
245 _aThe wild whale watch.
260 _aNew York :
_bScholastic ,
_c2002.
440 _aThe magic school bus chapter book
999 _c111390
_d111390